000 00506nam a2200193Ia 4500
005 20250326144932.0
008 250326s9999 xx 000 0 und d
020 _a0-7453-1782-0
037 _aTextbook
040 _aFMSL
_beng
_cFMSL
041 _aeng
_2eng
084 _aX:8D P2
_qFMSL
100 _aDowd D
_9750340
245 0 _aUnderstanding capitalism
_cDowd D
260 _aLondon
_bLondon, Pluto Press
_c2002
300 _a183p
942 _cTB
_hX:8D P2
999 _c1305694
_d1305694